000 02493nam a2200301Ia 4500
003 OSt
005 20211104103050.0
008 210310t2014 ck ad fr 000 0dspa d
020 _a9788496477339
040 _aCO-JMCR
_cCO-JMCR
041 0 _aspa
082 0 4 _a338.9 /
_bF365p
_223
100 1 _aFernández Arufe, Josefa Eugenia,
_918089
_ecoordinadora
245 1 0 _aPrincipios de política económica :
_bejercicios de test y cuestiones resueltas /
_cJosefa Eugenia Fernández Arufe, coordinadora ; Milagros García Crespo, José Vallés Ferrer, Olga Ogando Canabal [y 4 más]
250 _aPrimera edición
260 _aBogotá :
_bDelta publicaciones,
_c©2014
300 _axxxix, 376 páginas :
_bilustraciones y gráficas a blanco y negro ;
_c24 cm.
500 _aIncluye datos biográficos de los autores y notas a pie de página.
504 _aBibliografía al final de algunos capítulos.
505 0 _aBases conceptuales, esquema fines-medios y procesos de elaboración de la Política económica -- Los objetivos de la Política económica -- Políticas instrumentales de estabilización y de ajuste estructural -- Soluciones. Preguntas de test y cuestiones teórico-prácticas
520 0 _aCuando se desea abordar, desde una perspectiva teórica, el estudio de la Política Económica, existen diversos manuales a los que se puede recurrir, pero no sucede lo mismo si buscamos un enfoque práctico. El objetivo principal de este libro es el de introducir a los estudiantes de las licenciaturas de Economía, y Administración y Dirección de Empresas (aunque no exclusivamente) en los contenidos prácticos de la Política Económica. Proporciona los conocimientos necesarios para que puedan analizar, con la mayor precisión posible, el mundo complejo que les rodea y en el que, inevitablemente, a lo largo de su vida profesional, deberán adoptar sus decisiones Pretende fomentar la capacidad de razonamiento," a través de la resolución de ejercicios de test y de cuestiones teórico-prácticas, cuyas soluciones se presentan comentadas Su contenido es, por tanto, eminentemente práctico, U aunque cada capitulo incluya un resumen teórico sobre la materia que trata.
650 1 4 _aPolítica económica
_918091
650 2 4 _aPolítica económica
_xProblemas y ejercicios
_941408
700 1 _aGarcía Crespo, Milagros,
_eautor
_941409
700 1 _aVallés Ferrer, José,
_eautor
_941410
700 1 _aOgando Canabal, Olga,
_eautor
_941411
942 _2ddc
_cBK
999 _c8720
_d8720